000 01247cam a22003617a 4500
003 CHAP
005 20220817041314.0
008 971013d1945 mx r 00110 spa d
010 _a10913
011 _a11885
035 _a11633
040 _cCHAP
082 0 4 _a330.15
_bS84Y
100 0 0 _aSweezy, Paul M.
_9110885
245 1 0 _aTeoría del desarrollo capitalista
260 _aMéxico :
_bFondo de Cultura Económica,
_c1945
300 _a431 p.
490 0 _aSección de obras de economía
590 _aBATCH-UPD
_b10
_c20130110
_lUCH01
_h0130
590 _aBATCH-UPD
_b10
_c20130110
_lUCH01
_h1531
590 _aBATCH-UPD
_b10
_c20130410
_lUCH01
_h0938
590 _aBATCH-UPD
_b10
_c20130914
_lUCH01
_h0843
590 _aCONVERSION
_b10
_c20130109
_lUCH01
_h1307
650 1 4 _aCapitalismo.
_918711
650 1 4 _aComunismo.
_926257
830 0 _aSección de obras de economía
901 _aBK
942 _cLIBRO
949 _a330.15 S84Y
_bBC
_cLIBRO
_d33724000313458
_eLIBRO
_fc.4
_h81198
_i11633
_si
949 _a330.15 S84Y
_bBC
_cLIBRO
_d33724000313466
_eLIBRO
_fc.3
_h47462
_i11633
_sb
949 _a330.15 S84Y
_bBC
_cLIBRO
_d33724000313474
_eLIBRO
_fc.2
_h69038
_i11633
_si
949 _a330.15 S84Y
_bBC
_cLIBRO
_d33724000313482
_eLIBRO
_h2282
_i11633
_si
999 _c10913
_d10913